000 00459nam a22001697a 4500
003 NUST - PNEC
005 20170116181009.0
008 150912b xxu||||| |||| 00| 0 eng d
020 _a0133145506
040 _cLIBRARY
082 _a005.74 SAL
100 _99984
_aSalzberg, Betty
245 _aFile structures : An analytic approach
_cBetty Salzberg
260 _cc.1988
650 _99987
_aFile organization (Computer science)
_xMIS
942 _2ddc
_cBK
999 _c66988
_d66988